Statistiken für Top 10 Bevölkerungsreichste Europäische Länder

Klicken Sie hier um das Quiz zu spielen!

Allgemein

  • Dieses Quiz wurde 4,006 mal gespielt
  • Das Durchschnittsergebnis liegt bei 9 aus 10

Antwortstatistiken

Bevölkerung Land % Korrekt
81,770,900Deutschland
100%
64,555,000Frankreich
99%
60,676,361Italien
99%
46,423,064Spanien
99%
110,000,000Russland
98%
38,484,000Polen
96%
65,097,000Vereinigtes Königreich
95%
42,721,954Ukraine
91%
19,861,000Rumänien
79%
17,007,560Niederlande
72%

Verteilung der Resultate

Perzentil nach korrekt beantworteten Fragen

Anzahl Personen mit jedem Resultat

Ihre Resultats-Entwicklung

Sie haben dieses Quiz noch nicht gespielt